Statistiques concernant Les villes les plus peuplées par pays

Cliquez ici pour prendre le quiz!

Statistiques générales

  • Ce quiz a été pris 179 fois
    (164 depuis la dernière actualisation)
  • Le résultat moyen est 16 sur 25

Statistiques - réponses

HintRéponse% Correct
EspagneBarcelone
98%
FranceMarseille
95%
AustralieSydney
87%
Etats-UnisNew York
84%
ItalieMilan
80%
RussieSaint Pétersbourg
80%
ChineShanghaï
78%
BresilSao Paulo
77%
CanadaToronto
74%
IndeMumbaï
73%
TurquieIstanbul
72%
SuisseZurich
71%
MarocCasablanca
69%
AllemagneHambourg
66%
JaponOsaka
59%
BelgiqueAnvers
55%
PologneCracovie
55%
NigeriaLagos
55%
Royaume-UniBirmingham
53%
EgypteAlexandrie
51%
GrèceThessalonique
40%
SuèdeGöteborg
34%
Arabie SaouditeDjeddah
18%
IndonésieSurabaya
15%
ArgentineCordoba
14%

Distribution des résultats

Percentile par nombre de réponses

% des personnes avec chaque résultat

Votre développement - résultats

Vous n’avez pas pris ce quiz depuis la dernière actualisation